[Event "Russian Blitz Team Championship (w)"]
[Site "Sochi"]
[Date "2022.10.17"]
[Round "5.12"]
[White "Volchkova, Alena"]
[Black "Borisova, Ekaterina"]
[Result "0-1"]
[BlackElo "2134"]
[WhiteElo "1700"]
[LiveChessVersion "1.4.8"]

1. e4 {[%clk 0:03:03]} e5 {[%clk 0:03:03]} 2. Nf3 {[%clk 0:03:04]} Nc6
{[%clk 0:03:04]} 3. Bb5 {[%clk 0:03:05]} Nge7 {[%clk 0:03:05]} 4. c3
{[%clk 0:03:04]} g6 {[%clk 0:03:03]} 5. O-O {[%clk 0:03:00]} Bg7 {[%clk 0:03:04]}
6. d4 {[%clk 0:02:58]} exd4 {[%clk 0:03:04]} 7. cxd4 {[%clk 0:02:59]} a6
{[%clk 0:03:05]} 8. Ba4 {[%clk 0:02:57]} b5 {[%clk 0:03:06]} 9. Bb3
{[%clk 0:02:57]} d6 {[%clk 0:02:59]} 10. h3 {[%clk 0:02:56]} O-O {[%clk 0:02:59]}
11. Be3 {[%clk 0:02:56]} Na5 {[%clk 0:02:58]} 12. Bc2 {[%clk 0:02:52]} Nc4
{[%clk 0:02:58]} 13. Bc1 {[%clk 0:02:53]} c5 {[%clk 0:02:53]} 14. b3
{[%clk 0:02:47]} Nb6 {[%clk 0:02:53]} 15. Bb2 {[%clk 0:02:48]} c4
{[%clk 0:02:42]} 16. Nc3 {[%clk 0:02:37]} d5 {[%clk 0:02:38]} 17. e5
{[%clk 0:02:16]} b4 {[%clk 0:02:01]} 18. Ne2 {[%clk 0:02:12]} Bf5
{[%clk 0:01:49]} 19. Bc1 {[%clk 0:01:56]} Rc8 {[%clk 0:01:43]} 20. Bg5
{[%clk 0:01:48]} Bxc2 {[%clk 0:01:42]} 21. Qxc2 {[%clk 0:01:49]} h6
{[%clk 0:01:42]} 22. Be3 {[%clk 0:01:21]} Nf5 {[%clk 0:01:38]} 23. Nf4
{[%clk 0:01:01]} a5 {[%clk 0:00:59]} 24. Qe2 {[%clk 0:00:25]} Kh7
{[%clk 0:00:55]} 25. g4 {[%clk 0:00:21]} Nxe3 {[%clk 0:00:44]} 26. fxe3
{[%clk 0:00:18]} Qe7 {[%clk 0:00:38]} 27. Qg2 {[%clk 0:00:11]} cxb3
{[%clk 0:00:35]} 28. axb3 {[%clk 0:00:12]} Rc3 {[%clk 0:00:31]} 29. Rae1
{[%clk 0:00:06]} a4 {[%clk 0:00:30]} 30. bxa4 {[%clk 0:00:05]} Rd8
{[%clk 0:00:31]} 31. Qf2 {[%clk 0:00:04]} Nc4 {[%clk 0:00:31]} 32. Nh2
{[%clk 0:00:04]} b3 {[%clk 0:00:30]} 33. Rb1 {[%clk 0:00:05]} Nxe3
{[%clk 0:00:26]} 34. Rfc1 {[%clk 0:00:06]} Rxc1+ {[%clk 0:00:17]} 35. Rxc1
{[%clk 0:00:07]} Nc4 {[%clk 0:00:18]} 36. Nd3 {[%clk 0:00:07]} b2
{[%clk 0:00:17]} 37. Nxb2 {[%clk 0:00:08]} Qa3 {[%clk 0:00:12]} 38. Rb1
{[%clk 0:00:04]} Nxb2 {[%clk 0:00:10]} 39. Rxb2 {[%clk 0:00:05]} Qxh3
{[%clk 0:00:10]} 40. Qxf7 {[%clk 0:00:05]} Rf8 {[%clk 0:00:11]} 41. Qxd5
{[%clk 0:00:03]} Qe3+ {[%clk 0:00:12]} 42. Kh1 {[%clk 0:00:04]} Qc1+
{[%clk 0:00:11]} 43. Kg2 {[%clk 0:00:05]} Qxb2+ {[%clk 0:00:12]} 44. Kh3
{[%clk 0:00:06]} Qc3+ {[%clk 0:00:09]} 45. Kg2 {[%clk 0:00:07]} Qd2+
{[%clk 0:00:09]} 46. Kh3 {[%clk 0:00:08]} Qe3+ {[%clk 0:00:10]} 47. Kg2
{[%clk 0:00:08]} Rf2+ {[%clk 0:00:10]} 48. Kg1 {[%clk 0:00:07]} Qe1+ 0-1

[Event "Russian Blitz Team Championship (w)"]
[Site "Sochi"]
[Date "2022.10.17"]
[Round "6.1"]
[White "Pogonina, Natalija"]
[Black "Potapova, Margarita"]
[Result "0-1"]
[BlackElo "2150"]
[WhiteElo "2332"]
[LiveChessVersion "1.4.8"]

1. d4 {[%clk 0:03:02]} Nf6 {[%clk 0:03:03]} 2. g3 {[%clk 0:03:02]} d5
{[%clk 0:03:02]} 3. Bg2 {[%clk 0:03:02]} e6 {[%clk 0:03:00]} 4. Nf3
{[%clk 0:03:01]} c5 {[%clk 0:03:00]} 5. O-O {[%clk 0:03:01]} Nc6 {[%clk 0:03:01]}
6. c4 {[%clk 0:03:01]} dxc4 {[%clk 0:03:01]} 7. dxc5 {[%clk 0:03:01]} Qxd1
{[%clk 0:03:01]} 8. Rxd1 {[%clk 0:03:01]} Bxc5 {[%clk 0:03:01]} 9. Nbd2
{[%clk 0:03:01]} c3 {[%clk 0:03:02]} 10. bxc3 {[%clk 0:03:01]} O-O
{[%clk 0:03:02]} 11. Ne1 {[%clk 0:03:01]} Be7 {[%clk 0:02:49]} 12. Nd3
{[%clk 0:02:52]} Bd7 {[%clk 0:02:48]} 13. Bb2 {[%clk 0:02:48]} Rac8
{[%clk 0:02:49]} 14. Rab1 {[%clk 0:02:45]} b6 {[%clk 0:02:49]} 15. c4
{[%clk 0:02:42]} Na5 {[%clk 0:02:42]} 16. Ne5 {[%clk 0:02:33]} Ba4
{[%clk 0:02:43]} 17. Rdc1 {[%clk 0:02:31]} Nd7 {[%clk 0:02:45]} 18. Nxd7
{[%clk 0:02:12]} Bxd7 {[%clk 0:02:45]} 19. e3 {[%clk 0:01:55]} Bc6
{[%clk 0:02:46]} 20. Bf1 {[%clk 0:01:53]} Rfd8 {[%clk 0:02:40]} 21. Nb3
{[%clk 0:01:51]} Be4 {[%clk 0:02:36]} 22. Ra1 {[%clk 0:01:50]} Nc6
{[%clk 0:02:26]} 23. c5 {[%clk 0:01:40]} Bg6 {[%clk 0:01:48]} 24. Ba6
{[%clk 0:01:29]} Rc7 {[%clk 0:01:35]} 25. cxb6 {[%clk 0:01:23]} axb6
{[%clk 0:01:36]} 26. Nd4 {[%clk 0:01:15]} Bc5 {[%clk 0:01:15]} 27. Nb3
{[%clk 0:01:01]} Be7 {[%clk 0:01:11]} 28. Bd4 {[%clk 0:00:59]} Rb8
{[%clk 0:01:00]} 29. Bb5 {[%clk 0:00:56]} Be4 {[%clk 0:00:28]} 30. Nd2
{[%clk 0:00:33]} Ba3 {[%clk 0:00:29]} 31. Nxe4 {[%clk 0:00:23]} Bxc1
{[%clk 0:00:30]} 32. Rxc1 {[%clk 0:00:20]} Nxd4 {[%clk 0:00:29]} 33. Rxc7
{[%clk 0:00:17]} Nxb5 {[%clk 0:00:30]} 34. Rc6 {[%clk 0:00:16]} h6
{[%clk 0:00:27]} 35. a4 {[%clk 0:00:16]} Na3 {[%clk 0:00:13]} 36. Rc3
{[%clk 0:00:13]} f5 {[%clk 0:00:12]} 37. Nd2 {[%clk 0:00:07]} Rd8
{[%clk 0:00:13]} 38. Nf3 {[%clk 0:00:05]} Rd1+ {[%clk 0:00:11]} 39. Kg2
{[%clk 0:00:06]} Nb1 {[%clk 0:00:12]} 40. Rb3 {[%clk 0:00:07]} Rc1
{[%clk 0:00:09]} 41. Rxb6 {[%clk 0:00:07]} Na3 {[%clk 0:00:05]} 42. Rxe6
{[%clk 0:00:06]} Rc4 {[%clk 0:00:06]} 43. a5 {[%clk 0:00:06]} Ra4
{[%clk 0:00:07]} 44. a6 {[%clk 0:00:07]} Nb5 {[%clk 0:00:07]} 45. Nd4
{[%clk 0:00:08]} Nc7 {[%clk 0:00:08]} 46. Re5 {[%clk 0:00:07]} g6
{[%clk 0:00:07]} 47. Re7 {[%clk 0:00:06]} Nxa6 {[%clk 0:00:08]} 48. Ne6
{[%clk 0:00:07]} g5 {[%clk 0:00:06]} 49. Rg7+ Kh8 50. Rf7 {[%clk 0:00:06]} Ra5
{[%clk 0:00:09]} 51. Nd4 {[%clk 0:00:07]} Nb4 {[%clk 0:00:05]} 52. Rxf5
{[%clk 0:00:07]} Ra2 {[%clk 0:00:07]} 53. Rf7 {[%clk 0:00:06]} Nd3
{[%clk 0:00:06]} 54. Ne6 {[%clk 0:00:05]} g4 {[%clk 0:00:07]} 55. Nd4
{[%clk 0:00:05]} Ne1+ {[%clk 0:00:07]} 56. Kf1 {[%clk 0:00:06]} Nd3
{[%clk 0:00:08]} 57. Nf5 {[%clk 0:00:05]} Rxf2+ {[%clk 0:00:06]} 58. Kg1
{[%clk 0:00:07]} h5 {[%clk 0:00:05]} 59. Nd4 {[%clk 0:00:06]} Rxf7
{[%clk 0:00:05]} 0-1

[Event "Russian Blitz Team Championship (w)"]
[Site "Sochi"]
[Date "2022.10.17"]
[Round "6.2"]
[White "Tomilova, Elena"]
[Black "Girya, Olga"]
[Result "1/2-1/2"]
[BlackElo "2298"]
[WhiteElo "2107"]
[LiveChessVersion "1.4.8"]

1. d4 {[%clk 0:03:02]} Nf6 {[%clk 0:03:03]} 2. Nf3 {[%clk 0:03:03]} e6
{[%clk 0:03:05]} 3. e3 {[%clk 0:03:04]} d5 {[%clk 0:03:04]} 4. Bd3
{[%clk 0:03:04]} Be7 {[%clk 0:03:04]} 5. O-O {[%clk 0:03:03]} O-O
{[%clk 0:03:05]} 6. c4 {[%clk 0:03:04]} c5 {[%clk 0:02:57]} 7. cxd5
{[%clk 0:02:59]} Nxd5 {[%clk 0:02:54]} 8. Nc3 {[%clk 0:02:54]} Nc6
{[%clk 0:02:45]} 9. a3 {[%clk 0:02:48]} b6 {[%clk 0:02:43]} 10. Nxd5
{[%clk 0:02:20]} exd5 {[%clk 0:02:44]} 11. dxc5 {[%clk 0:02:04]} bxc5
{[%clk 0:02:43]} 12. b3 {[%clk 0:01:56]} Bf6 {[%clk 0:02:36]} 13. Rb1
{[%clk 0:01:56]} Bg4 {[%clk 0:02:36]} 14. h3 {[%clk 0:01:53]} Bxf3
{[%clk 0:02:31]} 15. Qxf3 {[%clk 0:01:53]} Ne5 {[%clk 0:02:31]} 16. Qe2
{[%clk 0:01:47]} Nxd3 {[%clk 0:02:17]} 17. Qxd3 {[%clk 0:01:48]} Qd6
{[%clk 0:01:59]} 18. Rd1 {[%clk 0:01:46]} Rfd8 {[%clk 0:01:57]} 19. Bb2
{[%clk 0:01:44]} Bxb2 {[%clk 0:01:43]} 20. Rxb2 {[%clk 0:01:45]} Rab8
{[%clk 0:01:42]} 21. Rc2 {[%clk 0:01:27]} h6 {[%clk 0:01:27]} 22. Qc3
{[%clk 0:01:23]} Qb6 {[%clk 0:00:51]} 23. Qxc5 {[%clk 0:01:09]} Qxb3
{[%clk 0:00:51]} 24. Rcd2 {[%clk 0:01:00]} a6 {[%clk 0:00:05]} 25. Qa5
{[%clk 0:00:45]} Qb5 {[%clk 0:00:05]} 26. Qxb5 {[%clk 0:00:41]} Rxb5
{[%clk 0:00:07]} 27. Rd4 {[%clk 0:00:36]} Rb3 {[%clk 0:00:05]} 28. Ra4
{[%clk 0:00:34]} Rd6 {[%clk 0:00:04]} 29. Ra5 {[%clk 0:00:30]} Rb5
{[%clk 0:00:04]} 30. Rxb5 {[%clk 0:00:27]} axb5 {[%clk 0:00:06]} 31. Rb1
{[%clk 0:00:28]} Rb6 {[%clk 0:00:07]} 32. Rb4 {[%clk 0:00:27]} Ra6
{[%clk 0:00:05]} 33. Rxb5 {[%clk 0:00:27]} Rxa3 {[%clk 0:00:06]} 34. Rxd5
{[%clk 0:00:28]} Ra1+ {[%clk 0:00:06]} 35. Kh2 {[%clk 0:00:30]} Ra2
{[%clk 0:00:07]} 36. Kg3 {[%clk 0:00:31]} g6 {[%clk 0:00:08]} 37. h4
{[%clk 0:00:31]} h5 {[%clk 0:00:10]} 38. Kf3 {[%clk 0:00:29]} Kg7
{[%clk 0:00:11]} 39. Rd6 {[%clk 0:00:29]} Ra4 {[%clk 0:00:12]} 40. g3
{[%clk 0:00:29]} Ra2 {[%clk 0:00:13]} 41. e4 {[%clk 0:00:29]} Rb2
{[%clk 0:00:14]} 42. Rc6 {[%clk 0:00:29]} Ra2 {[%clk 0:00:15]} 43. Ke3
{[%clk 0:00:28]} Rb2 {[%clk 0:00:15]} 44. f3 {[%clk 0:00:27]} Rb3+
{[%clk 0:00:15]} 45. Kf4 {[%clk 0:00:29]} Rb1 {[%clk 0:00:15]} 46. Rc7
{[%clk 0:00:28]} Ra1 {[%clk 0:00:15]} 47. Rb7 {[%clk 0:00:28]} Rc1
{[%clk 0:00:16]} 48. Ke5 {[%clk 0:00:25]} Rc3 {[%clk 0:00:15]} 49. Kf4
{[%clk 0:00:26]} Rc1 {[%clk 0:00:17]} 50. Rd7 {[%clk 0:00:25]} Rb1
{[%clk 0:00:18]} 51. e5 {[%clk 0:00:25]} Re1 {[%clk 0:00:13]} 52. g4
{[%clk 0:00:21]} hxg4 {[%clk 0:00:14]} 53. fxg4 {[%clk 0:00:22]} Re2
{[%clk 0:00:11]} 54. Re7 {[%clk 0:00:20]} Kf8 {[%clk 0:00:11]} 55. Ra7
{[%clk 0:00:21]} Kg7 {[%clk 0:00:13]} 56. Ra4 {[%clk 0:00:14]} Re1
{[%clk 0:00:11]} 57. Ra7 {[%clk 0:00:13]} Re2 {[%clk 0:00:12]} 58. Ra4
{[%clk 0:00:13]} Re1 {[%clk 0:00:13]} 59. Re4 {[%clk 0:00:14]} Ra1
{[%clk 0:00:09]} 60. e6 {[%clk 0:00:13]} fxe6 {[%clk 0:00:07]} 61. Rxe6
{[%clk 0:00:14]} Ra5 {[%clk 0:00:06]} 62. Re5 {[%clk 0:00:13]} Ra7
{[%clk 0:00:05]} 63. Kg5 {[%clk 0:00:12]} Rb7 {[%clk 0:00:06]} 64. Rc5
{[%clk 0:00:11]} Ra7 {[%clk 0:00:08]} 65. Rc6 {[%clk 0:00:12]} Ra5+
{[%clk 0:00:09]} 66. Kf4 {[%clk 0:00:13]} Ra4+ {[%clk 0:00:10]} 67. Kf3
{[%clk 0:00:13]} Ra3+ {[%clk 0:00:11]} 68. Ke4 {[%clk 0:00:14]} Ra4+
{[%clk 0:00:13]} 69. Kf3 {[%clk 0:00:15]} Ra3+ {[%clk 0:00:14]} 70. Kf4
{[%clk 0:00:13]} Ra4+ {[%clk 0:00:15]} 71. Ke4 1/2-1/2

[Event "Russian Blitz Team Championship (w)"]
[Site "Sochi"]
[Date "2022.10.17"]
[Round "6.3"]
[White "Garifullina, Leya"]
[Black "Gritsayeva, Oksana"]
[Result "1-0"]
[BlackElo "2192"]
[WhiteElo "2267"]
[LiveChessVersion "1.4.8"]

1. e4 {[%clk 0:03:03]} c6 {[%clk 0:03:04]} 2. d4 {[%clk 0:03:04]} d5
{[%clk 0:03:05]} 3. e5 {[%clk 0:03:05]} Bf5 {[%clk 0:03:06]} 4. Nf3
{[%clk 0:03:06]} e6 {[%clk 0:03:07]} 5. Be2 {[%clk 0:03:08]} Nd7 {[%clk 0:03:02]}
6. O-O {[%clk 0:03:08]} h6 {[%clk 0:03:00]} 7. Nbd2 {[%clk 0:02:59]} a6
{[%clk 0:03:01]} 8. a3 {[%clk 0:02:41]} g5 {[%clk 0:02:38]} 9. Nb3
{[%clk 0:02:13]} Ne7 {[%clk 0:02:34]} 10. Ne1 {[%clk 0:02:04]} Bg7
{[%clk 0:02:25]} 11. f4 {[%clk 0:02:02]} gxf4 {[%clk 0:02:17]} 12. Bxf4
{[%clk 0:01:59]} Bg6 {[%clk 0:02:00]} 13. Bh5 {[%clk 0:01:37]} Bxh5
{[%clk 0:01:11]} 14. Qxh5 {[%clk 0:01:37]} Ng6 {[%clk 0:01:12]} 15. Be3
{[%clk 0:01:31]} Qe7 {[%clk 0:01:08]} 16. Nd3 {[%clk 0:01:22]} O-O-O
{[%clk 0:00:59]} 17. Nbc5 {[%clk 0:01:10]} Nxc5 {[%clk 0:00:56]} 18. Nxc5
{[%clk 0:01:11]} Rhf8 {[%clk 0:00:38]} 19. b4 {[%clk 0:01:07]} Qh4
{[%clk 0:00:30]} 20. Qe2 {[%clk 0:00:55]} Nxe5 {[%clk 0:00:16]} 21. dxe5
{[%clk 0:00:34]} Bxe5 {[%clk 0:00:17]} 22. h3 {[%clk 0:00:33]} Qg3
{[%clk 0:00:14]} 23. Qf3 {[%clk 0:00:23]} Qh2+ {[%clk 0:00:13]} 24. Kf2
{[%clk 0:00:23]} Bxa1 {[%clk 0:00:09]} 25. Bf4 {[%clk 0:00:20]} Bd4+
{[%clk 0:00:07]} 26. Ke2 {[%clk 0:00:22]} Be5 {[%clk 0:00:05]} 27. Bxh2
{[%clk 0:00:22]} Bxh2 {[%clk 0:00:06]} 28. g3 {[%clk 0:00:18]} 1-0

[Event "Russian Blitz Team Championship (w)"]
[Site "Sochi"]
[Date "2022.10.17"]
[Round "6.4"]
[White "Vasilevich, Tatjana"]
[Black "Kovanova, Baira"]
[Result "1/2-1/2"]
[BlackElo "2217"]
[WhiteElo "2226"]
[LiveChessVersion "1.4.8"]

1. d4 {[%clk 0:03:03]} d5 {[%clk 0:03:03]} 2. c4 {[%clk 0:03:04]} e6
{[%clk 0:03:05]} 3. Nc3 {[%clk 0:03:05]} a6 {[%clk 0:03:05]} 4. Nf3
{[%clk 0:03:06]} Nf6 {[%clk 0:03:06]} 5. Bg5 {[%clk 0:03:03]} Be7
{[%clk 0:02:42]} 6. e3 {[%clk 0:03:04]} Nbd7 {[%clk 0:02:37]} 7. Qc2
{[%clk 0:03:03]} h6 {[%clk 0:02:34]} 8. Bh4 {[%clk 0:03:01]} O-O {[%clk 0:02:24]}
9. Rd1 {[%clk 0:03:02]} b6 {[%clk 0:02:24]} 10. cxd5 {[%clk 0:02:59]} exd5
{[%clk 0:02:22]} 11. Bd3 {[%clk 0:03:00]} Bb7 {[%clk 0:02:21]} 12. O-O
{[%clk 0:03:01]} Re8 {[%clk 0:02:22]} 13. Bf5 {[%clk 0:02:51]} Nf8
{[%clk 0:02:08]} 14. Ne5 {[%clk 0:02:44]} N6d7 {[%clk 0:01:39]} 15. Bg3
{[%clk 0:02:31]} Nxe5 {[%clk 0:01:31]} 16. dxe5 {[%clk 0:02:30]} c6
{[%clk 0:01:24]} 17. Rd2 {[%clk 0:02:07]} Bh4 {[%clk 0:01:25]} 18. f4
{[%clk 0:01:34]} Bxg3 {[%clk 0:01:25]} 19. hxg3 {[%clk 0:01:36]} Bc8
{[%clk 0:01:04]} 20. Rfd1 {[%clk 0:01:14]} Qe7 {[%clk 0:01:01]} 21. Na4
{[%clk 0:01:09]} Bxf5 {[%clk 0:00:56]} 22. Qxf5 {[%clk 0:01:10]} b5
{[%clk 0:00:50]} 23. Nc3 {[%clk 0:01:08]} Ne6 {[%clk 0:00:47]} 24. Kh2
{[%clk 0:01:07]} Qc5 {[%clk 0:00:46]} 25. Qd3 {[%clk 0:01:02]} Rad8
{[%clk 0:00:46]} 26. Ne2 {[%clk 0:01:00]} Qe7 {[%clk 0:00:41]} 27. Nd4
{[%clk 0:00:59]} Nxd4 {[%clk 0:00:30]} 28. exd4 {[%clk 0:01:00]} c5
{[%clk 0:00:30]} 29. dxc5 {[%clk 0:00:59]} Qxc5 {[%clk 0:00:31]} 30. Qd4
{[%clk 0:01:00]} Qc6 {[%clk 0:00:30]} 31. Rd3 {[%clk 0:00:54]} Rd7
{[%clk 0:00:30]} 32. Rc3 {[%clk 0:00:54]} Qg6 {[%clk 0:00:30]} 33. Rdc1
{[%clk 0:00:53]} Red8 {[%clk 0:00:23]} 34. Rc6 {[%clk 0:00:50]} Qh5+
{[%clk 0:00:24]} 35. Kg1 {[%clk 0:00:52]} Qg4 {[%clk 0:00:25]} 36. R6c3
{[%clk 0:00:48]} Re8 {[%clk 0:00:26]} 37. Rf3 {[%clk 0:00:46]} h5
{[%clk 0:00:27]} 38. Rc5 {[%clk 0:00:46]} Red8 {[%clk 0:00:26]} 39. Rc6
{[%clk 0:00:44]} Qf5 {[%clk 0:00:20]} 40. Rd3 {[%clk 0:00:41]} a5
{[%clk 0:00:17]} 41. Rc5 {[%clk 0:00:42]} Qg4 {[%clk 0:00:15]} 42. Rxb5
{[%clk 0:00:40]} Rc7 {[%clk 0:00:11]} 43. Rc5 {[%clk 0:00:40]} Rxc5
{[%clk 0:00:10]} 44. Qxc5 {[%clk 0:00:41]} Qe2 {[%clk 0:00:11]} 45. Rxd5
{[%clk 0:00:35]} Rb8 {[%clk 0:00:12]} 46. b3 {[%clk 0:00:30]} h4 {[%clk 0:00:12]}
47. Qf2 {[%clk 0:00:25]} Qe4 {[%clk 0:00:12]} 48. Rd4 {[%clk 0:00:25]} Qb1+
{[%clk 0:00:13]} 49. Kh2 {[%clk 0:00:26]} hxg3+ {[%clk 0:00:14]} 50. Kxg3
{[%clk 0:00:27]} Rc8 {[%clk 0:00:13]} 51. Qd2 {[%clk 0:00:24]} Qg6+
{[%clk 0:00:11]} 52. Kf3 {[%clk 0:00:23]} Qh5+ {[%clk 0:00:51]} 53. Kg3
{[%clk 0:00:24]} Qg6+ {[%clk 0:00:52]} 54. Kf3 {[%clk 0:00:26]} Qh5+
{[%clk 0:00:53]} 55. Kg3 {[%clk 0:00:27]} Qg6+ {[%clk 0:00:55]} 1/2-1/2

[Event "Russian Blitz Team Championship (w)"]
[Site "Sochi"]
[Date "2022.10.17"]
[Round "6.5"]
[White "Voit, Daria"]
[Black "Shuvalova, Polina"]
[Result "0-1"]
[BlackElo "2392"]
[WhiteElo "2247"]
[LiveChessVersion "1.4.8"]

1. d4 {[%clk 0:03:03]} Nf6 {[%clk 0:03:03]} 2. c4 {[%clk 0:03:04]} e6
{[%clk 0:03:04]} 3. Nf3 {[%clk 0:03:04]} d5 {[%clk 0:03:05]} 4. g3
{[%clk 0:03:05]} Bb4+ {[%clk 0:03:06]} 5. Bd2 {[%clk 0:03:05]} Be7
{[%clk 0:03:07]} 6. Bg2 {[%clk 0:03:05]} Nbd7 {[%clk 0:03:07]} 7. Qc2
{[%clk 0:03:03]} O-O {[%clk 0:03:07]} 8. O-O {[%clk 0:03:03]} c6 {[%clk 0:03:08]}
9. a4 {[%clk 0:02:59]} a5 {[%clk 0:03:09]} 10. Rc1 {[%clk 0:03:00]} h6
{[%clk 0:03:09]} 11. Na3 {[%clk 0:02:35]} Ne4 {[%clk 0:03:07]} 12. Be1
{[%clk 0:02:34]} f5 {[%clk 0:03:05]} 13. Rcb1 {[%clk 0:02:25]} g5
{[%clk 0:02:36]} 14. e3 {[%clk 0:02:11]} g4 {[%clk 0:02:12]} 15. Ne5
{[%clk 0:01:51]} Nxe5 {[%clk 0:02:11]} 16. dxe5 {[%clk 0:01:51]} Qc7
{[%clk 0:02:04]} 17. Bxe4 {[%clk 0:01:51]} fxe4 {[%clk 0:01:59]} 18. Bc3
{[%clk 0:01:50]} Bd7 {[%clk 0:01:57]} 19. Rd1 {[%clk 0:01:29]} Rf5
{[%clk 0:01:55]} 20. b3 {[%clk 0:01:25]} Raf8 {[%clk 0:01:54]} 21. Rd2
{[%clk 0:01:19]} h5 {[%clk 0:01:46]} 22. Bb2 {[%clk 0:01:16]} Bb4
{[%clk 0:01:45]} 23. Re2 {[%clk 0:01:14]} Qd8 {[%clk 0:01:43]} 24. Qd1
{[%clk 0:01:04]} Qe7 {[%clk 0:01:29]} 25. Nc2 {[%clk 0:01:04]} Bc5
{[%clk 0:01:30]} 26. Nd4 {[%clk 0:01:02]} R5f7 {[%clk 0:01:25]} 27. Qf1
{[%clk 0:00:53]} Rh7 {[%clk 0:01:24]} 28. Rd2 {[%clk 0:00:46]} h4
{[%clk 0:01:24]} 29. Qg2 {[%clk 0:00:36]} Rff7 {[%clk 0:01:23]} 30. Ne2
{[%clk 0:00:36]} hxg3 {[%clk 0:01:12]} 31. hxg3 {[%clk 0:00:30]} Rh6
{[%clk 0:01:13]} 32. Nf4 {[%clk 0:00:19]} Rfh7 {[%clk 0:01:14]} 33. Kf1
{[%clk 0:00:16]} Bb4 {[%clk 0:01:13]} 34. Ke2 {[%clk 0:00:14]} Bxd2
{[%clk 0:01:13]} 35. Kxd2 {[%clk 0:00:15]} Rh2 {[%clk 0:01:13]} 36. Qf1
{[%clk 0:00:15]} Qb4+ {[%clk 0:01:07]} 37. Kc2 {[%clk 0:00:16]} dxc4
{[%clk 0:01:08]} 38. bxc4 {[%clk 0:00:15]} c5 {[%clk 0:01:10]} 39. Qe2
{[%clk 0:00:16]} Bxa4+ {[%clk 0:01:09]} 40. Rxa4 {[%clk 0:00:10]} Qxa4+
{[%clk 0:01:10]} 41. Kc3 {[%clk 0:00:11]} Qb4+ {[%clk 0:01:11]} 42. Kc2
{[%clk 0:00:13]} Kf7 {[%clk 0:01:06]} 43. Qxg4 {[%clk 0:00:08]} Rxf2+
{[%clk 0:01:04]} 44. Ne2 {[%clk 0:00:09]} Qxc4+ {[%clk 0:01:04]} 45. Kb1
{[%clk 0:00:10]} Qxe2 {[%clk 0:00:58]} 0-1

[Event "Russian Blitz Team Championship (w)"]
[Site "Sochi"]
[Date "2022.10.17"]
[Round "6.6"]
[White "Gunina, Valentina"]
[Black "Bivol, Alina"]
[Result "1-0"]
[BlackElo "2264"]
[WhiteElo "2376"]
[LiveChessVersion "1.4.8"]

1. d4 {[%clk 0:03:02]} d5 {[%clk 0:03:03]} 2. c4 {[%clk 0:03:03]} e6
{[%clk 0:03:04]} 3. Nf3 {[%clk 0:03:04]} Nf6 {[%clk 0:03:05]} 4. Nc3
{[%clk 0:03:04]} c5 {[%clk 0:03:06]} 5. cxd5 {[%clk 0:03:05]} cxd4
{[%clk 0:03:06]} 6. Qxd4 {[%clk 0:03:05]} exd5 {[%clk 0:03:07]} 7. Bg5 Be7 8. e3
{[%clk 0:03:07]} O-O {[%clk 0:03:08]} 9. Be2 {[%clk 0:03:08]} Be6
{[%clk 0:02:57]} 10. O-O {[%clk 0:03:08]} h6 {[%clk 0:02:51]} 11. Bh4
{[%clk 0:03:08]} Nc6 {[%clk 0:02:51]} 12. Qd3 {[%clk 0:03:09]} Qd7
{[%clk 0:02:38]} 13. Rfd1 {[%clk 0:03:09]} Rfd8 {[%clk 0:02:31]} 14. a3
{[%clk 0:03:08]} Rac8 {[%clk 0:02:24]} 15. Rac1 {[%clk 0:03:09]} a6
{[%clk 0:02:01]} 16. Qb1 {[%clk 0:03:07]} Qe8 {[%clk 0:01:55]} 17. b4
{[%clk 0:02:53]} g5 {[%clk 0:00:58]} 18. Bg3 {[%clk 0:02:53]} Bf8
{[%clk 0:00:59]} 19. Bd3 {[%clk 0:02:40]} Bg7 {[%clk 0:00:56]} 20. Ne2
{[%clk 0:02:40]} Bg4 {[%clk 0:00:54]} 21. Bf5 {[%clk 0:02:34]} Bxf5
{[%clk 0:00:45]} 22. Qxf5 {[%clk 0:02:34]} Qe4 {[%clk 0:00:47]} 23. Qxe4
{[%clk 0:02:32]} dxe4 {[%clk 0:00:46]} 24. Nfd4 {[%clk 0:02:32]} Nxd4
{[%clk 0:00:45]} 25. Nxd4 {[%clk 0:02:33]} Bf8 {[%clk 0:00:34]} 26. h3
{[%clk 0:02:20]} Kh7 {[%clk 0:00:35]} 27. Bc7 {[%clk 0:02:15]} Re8
{[%clk 0:00:27]} 28. g4 {[%clk 0:01:54]} Nd5 {[%clk 0:00:26]} 29. Bg3
{[%clk 0:01:54]} Nc3 {[%clk 0:00:16]} 30. Rd2 {[%clk 0:01:48]} Bg7
{[%clk 0:00:16]} 31. Kg2 {[%clk 0:01:46]} Nb5 {[%clk 0:00:13]} 32. Rxc8
{[%clk 0:01:46]} Rxc8 {[%clk 0:00:14]} 33. Nxb5 {[%clk 0:01:45]} axb5
{[%clk 0:00:15]} 34. Rd5 {[%clk 0:01:46]} Ra8 {[%clk 0:00:03]} 35. Rxb5
{[%clk 0:01:46]} Rxa3 {[%clk 0:00:04]} 36. Rxb7 {[%clk 0:01:47]} Kg6
{[%clk 0:00:05]} 37. Re7 {[%clk 0:01:47]} Bc3 {[%clk 0:00:04]} 38. Rxe4
{[%clk 0:01:47]} Rb3 {[%clk 0:00:05]} 39. Bd6 {[%clk 0:01:32]} Rb2
{[%clk 0:00:06]} 40. h4 {[%clk 0:01:20]} Be1 {[%clk 0:00:07]} 41. h5+
{[%clk 0:01:21]} Kf6 {[%clk 0:00:07]} 42. Be5+ {[%clk 0:01:22]} 1-0